[Event "Sao Paulo op-C U1700 7th"]
[Site "Sao Paulo"]
[Date "2018.03.31"]
[Round "4"]
[White "Mariani, Vitor Caramico Stef"]
[Black "Amaral, Danilo Tokechi"]
[Result "0-1"]
[WhiteElo "1729"]
[BlackElo "1188"]
[PlyCount "86"]
[EventDate "2018.03.30"]
[EventType "swiss"]
[EventRounds "6"]
[EventCountry "BRA"]
[SourceTitle "EXT 2021"]
[Source "ChessBase"]
[SourceDate "2020.10.23"]
[SourceVersion "1"]
[SourceVersionDate "2020.10.23"]
[SourceQuality "1"]

1. d4 Nf6 2. Nf3 g6 3. Bf4 Bg7 4. e3 0-0 5. Bd3 d6 6. 0-0 Nbd7 7. c3 e5 8. dxe5 dxe5 9. Nxe5 Nxe5 10. Bxe5 Re8 11. Bf4 b6 12. Qc2 Nh5 13. Be4 Rb8 14. Bg3 Nxg3 15. hxg3 h5 16. Qd2 Qe7 17. Bc6 Rd8 18. Qe2 h4 19. Qf3 hxg3 20. Qxg3 Be5 21. f4 Bf6 22. f5 Kg7 23. Rf2 Bh4 24. Qg4 Bxf2+ 25. Kxf2 Bxf5 26. Qg3 Qf6 27. Ke2 Bxb1 28. Rxb1 Qxc6 29. Qe5+ Kg8 30. Qg3 Qc4+ 31. Kf3 Qxa2 32. Rh1 Qd5+ 33. Ke2 Qb5+ 34. Kf2 Rd2+ 35. Kf3 Qd5+ 36. Kg4 Rxg2 37. Rd1 Qxd1+ 38. Kf4 Rxg3 39. Kxg3 Qf1 40. c4 Re8 41. e4 Rxe4 42. b4 Qd3+ 43. Kf2 Re2+ 0-1

[Event "Hebraica op 25th"]
[Site "Hebraica"]
[Date "2018.01.14"]
[Round "5"]
[White "Ferreira, Fernando Goncalves"]
[Black "Mariani, Vitor Caramico Stef"]
[Result "0-1"]
[WhiteElo "1800"]
[BlackElo "1761"]
[PlyCount "132"]
[EventDate "2018.01.12"]
[EventType "swiss"]
[EventRounds "6"]
[EventCountry "BRA"]
[SourceTitle "CBM 182 Extra"]
[Source "ChessBase"]
[SourceDate "2018.02.23"]
[SourceVersion "1"]
[SourceVersionDate "2018.02.23"]
[SourceQuality "1"]

1. e4 c5 2. Nf3 Nc6 3. d4 cxd4 4. Nxd4 d6 5. Bc4 g6 6. 0-0 Bg7 7. Be3 Nf6 8. Nc3 0-0 9. h3 Bd7 10. Qd2 Qc7 11. Nxc6 Bxc6 12. Bd3 Rad8 13. Bh6 Rfe8 14. Bxg7 Kxg7 15. g4 d5 16. exd5 Nxd5 17. Nxd5 Rxd5 18. Qc3+ f6 19. Bc4 Rc5 20. Rfe1 b5 21. g5 Rd8 22. gxf6+ exf6 23. Re6 Rf8 24. Rae1 Rf7 25. Qe3 Rg5+ 26. Kf1 Bg2+ 27. Ke2 Qxc4+ 28. Kd2 Rc5 29. Qc3 Qf4+ 30. Qe3 Rd5+ 31. Kc1 Qxe3+ 32. R1xe3 Rfd7 33. Re7+ Kh6 34. Rxd7 Rxd7 35. b3 Bf1 36. a4 b4 37. c3 bxc3 38. Rxc3 Rb7 39. Kd2 Kg5 40. Ke1 Ba6 41. Rg3+ Kh6 42. Rc3 Re7+ 43. Kd2 Rb7 44. Rc6 Rd7+ 45. Ke3 Re7+ 46. Kd4 Bf1 47. Rxf6 Bxh3 48. b4 Rb7 49. b5 Rb6 50. Rxb6 axb6 51. Ke5 Kg5 52. Kd6 h5 53. Kc6 Bf5 54. Kxb6 h4 55. Kc7 Be4 56. b6 h3 57. b7 Bxb7 58. Kxb7 h2 59. a5 h1Q+ 60. Kb6 Qa8 61. a6 Kf4 62. a7 Kf3 63. Ka6 Kxf2 64. Kb6 g5 65. Ka6 g4 66. Kb6 g3 0-1

[Event "Hebraica op 25th"]
[Site "Hebraica"]
[Date "2018.01.13"]
[Round "4"]
[White "Mariani, Vitor Caramico Stef"]
[Black "Fujita, Gabriela Akemi"]
[Result "0-1"]
[WhiteElo "1761"]
[BlackElo "1227"]
[PlyCount "95"]
[EventDate "2018.01.12"]
[EventType "swiss"]
[EventRounds "6"]
[EventCountry "BRA"]
[SourceTitle "CBM 182 Extra"]
[Source "ChessBase"]
[SourceDate "2018.02.23"]
[SourceVersion "1"]
[SourceVersionDate "2018.02.23"]
[SourceQuality "1"]

1. e4 c5 2. Nf3 a6 3. c3 Nc6 4. d4 d6 5. Bf4 cxd4 6. cxd4 g6 7. Bd3 Bg7 8. Be3 e6 9. Nc3 Nge7 10. 0-0 0-0 11. Qe2 Re8 12. Rac1 d5 13. e5 Bd7 14. Rfd1 Rc8 15. Bg5 Qb6 16. Na4 Qb4 17. Nc5 Rc7 18. a3 Qb6 19. Qd2 Nxd4 20. Nxd7 Rxd7 21. Nxd4 Qxd4 22. Be3 Qxe5 23. Bf4 Qxb2 24. Qxb2 Bxb2 25. Rc7 Rxc7 26. Bxc7 Bxa3 27. Rb1 b5 28. Ra1 Rc8 29. Rxa3 Rxc7 30. Rxa6 Rc1+ 31. Bf1 b4 32. f3 b3 33. Kf2 b2 34. Bd3 Rd1 35. Rb6 Rxd3 36. Rxb2 d4 37. Rb1 Rd2+ 38. Kg1 d3 39. Kf1 Ra2 40. Rd1 Ra3 41. Ke1 Nf5 42. Rd2 Ne3 43. Kf2 Nc4 44. Rd1 d2 45. Ke2 Ra2 46. Kf2 Kg7 47. Ke2 Rc2 48. Rf1 0-1

[Event "Hebraica op 25th"]
[Site "Hebraica"]
[Date "2018.01.12"]
[Round "2"]
[White "Mariani, Vitor Caramico Stef"]
[Black "Costa, Iaggo Bernini"]
[Result "0-1"]
[WhiteElo "1761"]
[BlackElo "1447"]
[PlyCount "64"]
[EventDate "2018.01.12"]
[EventType "swiss"]
[EventRounds "6"]
[EventCountry "BRA"]
[SourceTitle "CBM 182 Extra"]
[Source "ChessBase"]
[SourceDate "2018.02.23"]
[SourceVersion "1"]
[SourceVersionDate "2018.02.23"]
[SourceQuality "1"]

1. d4 Nf6 2. Nf3 g6 3. e3 Bg7 4. Bd3 0-0 5. 0-0 d6 6. e4 Nbd7 7. Bf4 Re8 8. c3 e5 9. Be3 exd4 10. cxd4 Nxe4 11. Qc2 Ndf6 12. Nc3 Nxc3 13. bxc3 Bg4 14. h3 Bxf3 15. gxf3 Nd5 16. Bd2 Qh4 17. Kh2 Nf4 18. Bxf4 Qxf4+ 19. Kg2 Re6 20. Rae1 Rae8 21. Rxe6 Rxe6 22. Qd1 c5 23. d5 Be5 24. Rh1 Rf6 25. Qe2 Bxc3 26. Qe3 Qh4 27. Qe8+ Kg7 28. Qe4 Rf4 29. Qe8 Qg5+ 30. Kh2 Rxf3 31. Rg1 Be5+ 32. Kh1 Rxh3# 0-1

[Event "Sao Paulo IRT 2nd"]
[Site "Sao Paulo"]
[Date "2017.12.09"]
[Round "1.6"]
[White "Cavalcante, Luiz Henrique Tausz"]
[Black "Mariani, Vitor Caramico Stef"]
[Result "1/2-1/2"]
[WhiteElo "1809"]
[BlackElo "1761"]
[PlyCount "120"]
[EventDate "2017.12.09"]
[EventType "swiss"]
[EventRounds "5"]
[EventCountry "BRA"]
[SourceTitle "EXT 2022"]
[Source "ChessBase"]
[SourceDate "2021.10.06"]
[SourceVersion "1"]
[SourceVersionDate "2021.10.06"]
[SourceQuality "1"]

1. e4 c5 2. Nf3 Nc6 3. Nc3 d6 4. Bc4 g6 5. Ng5 e6 6. d3 Bg7 7. 0-0 Nf6 8. Nf3 0-0 9. Bg5 Bd7 10. Qd2 a6 11. Bh6 Nd4 12. Bxg7 Nxf3+ 13. gxf3 Kxg7 14. f4 e5 15. fxe5 dxe5 16. Ne2 Ng4 17. h3 Nf6 18. Ng3 Bxh3 19. Rfe1 Qd7 20. Qg5 Qd4 21. Qh4 Bd7 22. c3 Qd6 23. Re3 b5 24. Bb3 Rfd8 25. Bd1 Qe6 26. Kh2 Ng4+ 27. Bxg4 Qxg4 28. Qxg4 Bxg4 29. f3 Be6 30. b3 Rab8 31. Rg1 c4 32. dxc4 f5 33. exf5 Rd2+ 34. Re2 Rxe2+ 35. Nxe2 Bxf5 36. f4 exf4 37. Nxf4 bxc4 38. bxc4 Rc8 39. Nd5 Kf7 40. Rf1 Rxc4 41. Ne3 Rh4+ 42. Kg3 Rh5 43. Nxf5 Rxf5 44. Rxf5+ gxf5 45. c4 Ke6 46. Kf4 h5 47. Kg5 Kd6 48. Kxh5 f4 49. Kg4 Kc5 50. Kxf4 Kxc4 51. Ke3 Kc3 52. a4 Kb4 53. Kd2 Kxa4 54. Kc1 Ka3 55. Kb1 a5 56. Ka1 Kb3 57. Kb1 a4 58. Ka1 a3 59. Kb1 a2+ 60. Ka1 Ka3 1/2-1/2